=LDR 00000nam 2200000 4500 =001 INLIS000000000008107 =005 20130612100023 =008 ***********************************Ind** =035 ##$$0010-061300000008107 =041 ##$$a Ind =082 ##$$a F Rom K =090 ##$$a F Rom K, Usm c =100 ##$$a Usni, Yoshoto =245 ##$$a Crayon shinchanbkomik permainan, Yushito Usni =260 ##$$a 2002 $b Tokyo =300 ##$$a ...jil, ilus, 17 cm =650 ##$$a Fiksi anak-anak =850 ##$$a NBPNMAT